Historia universal : (Record no. 17360)

000 -CABECERA
fixed length control field 01193nam a22002057a 4500
003 - IDENTIFICADOR DEL NÚMERO DE CONTROL
control field AR-CdUCM
008 - DATOS DE LONGITUD FIJA--INFORMACIÓN GENERAL
fixed length control field 190508b ||||| |||| 00| 0 spa d
040 ## - FUENTE DE LA CATALOGACIÓN
Agencia/entidad que catalogó originalmente la obra MUNICIPALIDAD PROVINCIAL DEL CUSCO
Entidad que transcribió la catalogación BIBLIOTECA MUNICIPAL DEL CUSCO
082 ## - NÚMERO DE LA CLASIFICACIÓN DECIMAL DEWEY
No. de Clasificación 909.2 /
Notacion interna S44
100 ## - ENTRADA PRINCIPAL--NOMBRE DE PERSONA
Nombre Personal Secco Ellauri, Oscar
245 ## - MENCIÓN DE TÍTULO
Título Historia universal :
Resto del título Edad media /
260 ## - PUBLICACIÓN, DISTRIBUCIÓN, ETC.
Lugar de publicación, distribución, etc. Buenos Aires :
Nombre de la editorial, distribuidor, etc. Kapelusz,
Fecha de publicación, distribución, etc. 1953.
300 ## - DESCRIPCIÓN FÍSICA
Nº de Páginas Extensión 288 paginas ;
Dimensiones 17 cm.
505 ## - NOTA DE CONTENIDO CON FORMATO
Nota de contenido formateada Contenido :Las invasiones bárbaras --Consecuencias de las invasiones bárbaras --El Imperio romano de oriente y la civilización bizantina --Loa árabes y la civilización musulmana --Imperio Carolingio --Las invasiones de los siglos IX y X y el feudalismo - La sociedad feudal - La iglesia en la edad media - Europa desde el siglo X al XIII: el Santo Imperio Romano Germánico --Europa desde el siglo X al XIII: Francia e Inglaterra --Europa desde el siglo X al XIII: los Reinos Ibéricos --Las cruzadas --El arte y la cultura en la edad media - El fin de la edad media /
650 ## - PUNTO DE ACCESO ADICIONAL DE MATERIA--TÉRMINO DE MATERIA
Descriptor Historia universal
9 (RLIN) 1423
650 ## - PUNTO DE ACCESO ADICIONAL DE MATERIA--TÉRMINO DE MATERIA
Descriptor Edad media
9 (RLIN) 454
700 ## - PUNTO DE ACCESO ADICIONAL--NOMBRE DE PERSONA
Nombre Personal Baridon, Pedro Daniel
9 (RLIN) 18445
942 ## - ELEMENTOS DE PUNTO DE ACCESO ADICIONAL (KOHA)
Fuente de clasificación
Tipo de item Libros-BMC
945 ## - PROCESAMIENTO DE INFORMACIÓN LOCAL (OCLC)
Catalogador rjall
AAAA-MM-DD - Fecha de ingreso o modificacion 2019-05-08
Holdings
Estado de retiro (separado) Fuente de clasificación o esquema de estanterías Estado dañado Ubicación Sala donde se ubica Nombre de la colección Fecha de adquisición o compra Costo, precio normal en soles Signatura topográfica Código de Barras Última vez visto (Koha) Tipo de ítem (Koha)
No     Sala Humanidades Sala Humanidades Book Cart 2019-05-08 20.00 909.2 / S44 SH0000012415 2019-05-08 Libros-BMC

Powered by Koha